000 00847nam a22002297a 4500
999 _c65148
_d65148
005 20240530110809.0
008 190115s2003 ua a g 000 0 ara d
017 _a2003/4/696
_bالاردن. دائرة المكتبة الوطنية
040 _aEG-CaGPL
_cEG-CaGPL
082 0 4 _221
_a792.09 /
_bو م
100 0 _aوليد البكرى
245 1 0 _aموسوعة اعلام المسرح والمصطلحات المسرحية /
_cتأليف وليد البكرى
250 _aط.1
260 _aعمان :
_bدار اسامة للنشر والتوزيع،
_c2003.
300 _a312 ص. :
_bايض ؛
_c24 سم.
650 0 7 _2qrmak
_aالمسرح
650 0 7 _aالمسرح
_vتراجم
650 0 7 _aالمسرحيات العربية
_2qrmak
651 _2qrmak
942 _2ddc
_cBK